[Event "Kuwait IEFS op 1st"]
[Site "Kuwait"]
[Date "2018.10.26"]
[Round "6"]
[White "Ibrahim, Ammar"]
[Black "Gabr, Mohamed A"]
[Result "0-1"]
[WhiteElo "1483"]
[BlackElo "1953"]
[PlyCount "88"]
[EventDate "2018.10.19"]
[EventType "swiss"]
[EventRounds "8"]
[EventCountry "KUW"]
[SourceTitle "CBM 187 Extra"]
[Source "ChessBase"]
[SourceDate "2018.11.04"]
[SourceVersion "1"]
[SourceVersionDate "2018.11.04"]
[SourceQuality "1"]

1. e4 Nc6 2. Nf3 d6 3. Bc4 Nf6 4. Nc3 g6 5. d4 Bg7 6. Bg5 0-0 7. Qd2 a6 8. a4 Bg4 9. Be2 Rb8 10. h3 Bxf3 11. Bxf3 Nd7 12. Ne2 Qe8 13. 0-0 e5 14. c3 f5 15. exf5 e4 16. fxg6 exf3 17. gxh7+ Kh8 18. gxf3 Rxf3 19. Ng3 Qg6 20. Kg2 Rf7 21. Rae1 Nf6 22. b4 Ne7 23. Re6 Nf5 24. h4 Re8 25. Qe2 Rxe6 26. Qxe6 Nxg3 27. fxg3 Rf8 28. Qf5 Qxf5 29. Rxf5 Ne4 30. Rxf8+ Bxf8 31. c4 Nxg5 32. hxg5 Kxh7 33. Kf3 Kg6 34. Ke4 c6 35. d5 Kxg5 36. b5 c5 37. Kf3 Kf5 38. Ke3 Bh6+ 39. Kd3 Ke5 40. Kc3 Ke4 41. a5 Bg7+ 42. Kb3 Kd3 43. g4 Bf6 44. b6 Bg5 0-1

[Event "Kuwait Amateur Group A"]
[Site "Kuwait"]
[Date "2017.11.08"]
[Round "4.4"]
[White "Ibrahim, Ammar"]
[Black "Tinsay, Nathaniel"]
[Result "1-0"]
[WhiteElo "1426"]
[BlackElo "1645"]
[PlyCount "96"]
[EventDate "2017.11.05"]
[EventType "swiss"]
[EventRounds "9"]
[EventCountry "KUW"]
[SourceTitle "EXT 2024"]
[Source "ChessBase"]
[SourceDate "2023.10.10"]
[SourceVersion "1"]
[SourceVersionDate "2023.10.10"]
[SourceQuality "1"]

1. e4 c5 2. Nc3 g6 3. f4 Bg7 4. Nf3 Nc6 5. Bb5 a6 6. Bc4 b5 7. Bd5 Bb7 8. d3 e6 9. Bxc6 Bxc6 10. 0-0 Nf6 11. Qe1 Qb6 12. f5 gxf5 13. exf5 Ng4 14. h3 Bxf3 15. Rxf3 Bd4+ 16. Kh1 Ne5 17. Rg3 0-0-0 18. Bf4 Nc6 19. fxe6 Bxc3 20. exd7+ Rxd7 21. bxc3 Re7 22. Re3 Rhe8 23. Qf2 c4 24. d4 Rxe3 25. Bxe3 Qc7 26. Bf4 Qd7 27. Rf1 f5 28. Bh6 Ne7 29. Qf3 Qd5 30. Qe2 Qc6 31. Qd2 Rg8 32. Re1 Nd5 33. Rf1 Rg6 34. Bf4 Nxc3 35. Be5 Qe4 36. Rf4 Qd5 37. Rxf5 Nxa2 38. Rf8+ Kd7 39. Rf3 c3 40. Qf2 Re6 41. Rf8 Re7 42. Rf6 Kc8 43. Rd6 Qf7 44. Qg3 a5 45. Qg4+ Kb7 46. Qe4+ Ka7 47. Qc6 Qf1+ 48. Kh2 b4 1-0

[Event "Kuwait Amateur Group A"]
[Site "Kuwait"]
[Date "2017.11.06"]
[Round "2.5"]
[White "Ibrahim, Ammar"]
[Black "Miller, Matt S"]
[Result "0-1"]
[WhiteElo "1426"]
[BlackElo "1721"]
[PlyCount "91"]
[EventDate "2017.11.05"]
[EventType "swiss"]
[EventRounds "9"]
[EventCountry "KUW"]
[SourceTitle "EXT 2024"]
[Source "ChessBase"]
[SourceDate "2023.10.10"]
[SourceVersion "1"]
[SourceVersionDate "2023.10.10"]
[SourceQuality "1"]

1. e4 c5 2. Nc3 g6 3. f4 Nc6 4. Bb5 Nd4 5. Nf3 Nxb5 6. Nxb5 Bg7 7. d3 d6 8. Nc3 Bd7 9. 0-0 e6 10. Qe1 Ne7 11. Bd2 b5 12. Rb1 0-0 13. a3 a5 14. Qh4 b4 15. axb4 axb4 16. Nd1 Nc6 17. Qg3 f5 18. Ng5 Nd4 19. Qh3 h6 20. Nf3 Nxc2 21. e5 Bb5 22. Nf2 Ra2 23. g4 Qb6 24. Qg3 Kf7 25. gxf5 gxf5 26. Kh1 Bc6 27. Rg1 Rg8 28. h4 Nd4 29. Qg6+ Kf8 30. Rg3 Bxf3+ 31. Kh2 Ra7 32. Be3 Bd5 33. Bxd4 cxd4 34. Rbg1 dxe5 35. fxe5 Qc7 36. Ng4 Bxe5 37. Qxh6+ Bg7 38. Qg6 Qf7 39. Nh6 Qxg6 40. Rxg6 Be5+ 41. Kh3 Rxg6 42. Rxg6 Rg7 43. Rg5 Rxg5 44. hxg5 Bf4 45. Kh4 Bc1 46. Kh5 0-1

[Event "Kuwait Masters Group C"]
[Site "Kuwait"]
[Date "2017.08.06"]
[Round "4.4"]
[White "Ibrahim, Ammar"]
[Black "Alfouzan, Fouzan"]
[Result "1-0"]
[WhiteElo "1414"]
[BlackElo "1193"]
[PlyCount "79"]
[EventDate "2017.08.02"]
[EventType "tourn"]
[EventRounds "7"]
[EventCountry "KUW"]
[SourceTitle "EXT 2024"]
[Source "ChessBase"]
[SourceDate "2023.10.10"]
[SourceVersion "1"]
[SourceVersionDate "2023.10.10"]
[SourceQuality "1"]

1. e4 e5 2. c3 Nf6 3. d3 h6 4. Nf3 Nc6 5. Be2 a6 6. Be3 Be7 7. 0-0 0-0 8. Nbd2 d6 9. d4 exd4 10. cxd4 Ng4 11. Bc4 Na5 12. Bd3 Nxe3 13. fxe3 c5 14. Rc1 cxd4 15. exd4 Bg5 16. d5 Bxd2 17. Qxd2 b6 18. Bb1 Bg4 19. Qd3 g6 20. b4 Nb7 21. Rc6 Bd7 22. Rfc1 Bxc6 23. dxc6 Qc8 24. Qd2 Kh7 25. cxb7 Qxb7 26. Qxd6 Qb8 27. Qf6 Qd8 28. Qf4 Qb8 29. Qh4 Qd8 30. Qg3 Qb8 31. e5 b5 32. h3 Qb6+ 33. Kh2 Rac8 34. Re1 a5 35. bxa5 Qxa5 36. Nh4 Rg8 37. Rf1 Rc3 38. Rxf7+ Rg7 39. Qxg6+ Kg8 40. Qxg7# 1-0